000 00589nam a22001577a 4500
008 140902b xxu||||| |||| 00| 0 eng d
020 _a040609005x
050 _aKD275.3.L39(1871 vol.6)
245 _aThe Law Reports (1871 vol.6) Court of Common Pleas: from Michaelmas term,1870 to Trinity Term,1871. /
_cedited by James Redfoord Bulwer
260 _aLondon:
_bButterworth and Co. Ltd.,
_c1871.
300 _axi,632p.:
_c24cm
440 _pCommon Pleas: from Michaelmas term,1870 to Trinity Term,1871
_vVol VI
700 _aBulwer, James Redfoord
800 _aBulwer, J
942 _2lcc
_cBK
999 _c4085
_d11585